State profiles (Record no. 9696)
[ view plain ]
| 000 -LEADER | |
|---|---|
| fixed length control field | 01291nam a2200301Ia 4500 |
| 001 - CONTROL NUMBER | |
| control field | ebr10022150 |
| 003 - CONTROL NUMBER IDENTIFIER | |
| control field | CaPaEBR |
| 006 - FIXED-LENGTH DATA ELEMENTS--ADDITIONAL MATERIAL CHARACTERISTICS--GENERAL INFORMATION | |
| fixed length control field | m u |
| 007 - PHYSICAL DESCRIPTION FIXED FIELD--GENERAL INFORMATION | |
| fixed length control field | cr cn||||||||| |
| 008 - FIXED-LENGTH DATA ELEMENTS--GENERAL INFORMATION | |
| fixed length control field | 020508s2002 mdu s 000 0 eng d |
| 020 ## - INTERNATIONAL STANDARD BOOK NUMBER | |
| Cancelled/invalid ISBN | 089059578X (eBook) |
| 040 ## - CATALOGING SOURCE | |
| Original cataloging agency | CaPaEBR |
| Transcribing agency | CaPaEBR |
| 035 ## - SYSTEM CONTROL NUMBER | |
| System control number | (OCoLC)70773119 |
| 050 14 - LIBRARY OF CONGRESS CALL NUMBER | |
| Classification number | HA214 |
| Item number | .S74 2002eb |
| 082 04 - DEWEY DECIMAL CLASSIFICATION NUMBER | |
| Classification number | 317.3 |
| Edition number | 21 |
| 245 00 - TITLE STATEMENT | |
| Title | State profiles |
| Medium | [electronic resource] : |
| Remainder of title | the population and economy of each U.S. state / |
| Statement of responsibility, etc | editor, Helmut F. Wendel ; associate editors, Sohair M. Abu-Aish, Katherine A. DeBrandt. |
| 260 ## - PUBLICATION, DISTRIBUTION, ETC. (IMPRINT) | |
| Place of publication, distribution, etc | Lanham, MD : |
| Name of publisher, distributor, etc | Bernan Press, |
| Date of publication, distribution, etc | c2002. |
| 300 ## - PHYSICAL DESCRIPTION | |
| Extent | xiii, 578 p. |
| 533 ## - REPRODUCTION NOTE | |
| Type of reproduction | Electronic reproduction. |
| Place of reproduction | Palo Alto, Calif. : |
| Agency responsible for reproduction | ebrary, |
| Date of reproduction | 2009. |
| Note about reproduction | Available via World Wide Web. |
| -- | Access may be limited to ebrary affiliated libraries. |
| 650 #0 - SUBJECT ADDED ENTRY--TOPICAL TERM | |
| Topical term or geographic name as entry element | U.S. states |
| Form subdivision | Statistics. |
| Topical term or geographic name as entry element | U.S. states |
| General subdivision | Economic conditions |
| Chronological subdivision | 1981-2001 |
| Form subdivision | Statistics. |
| Topical term or geographic name as entry element | U.S. states |
| General subdivision | Population |
| Form subdivision | Statistics. |
| 651 #0 - SUBJECT ADDED ENTRY--GEOGRAPHIC NAME | |
| Geographic name | United States |
| General subdivision | Economic conditions |
| Chronological subdivision | 1981-2001 |
| Form subdivision | Statistics. |
| 655 #7 - INDEX TERM--GENRE/FORM | |
| Genre/form data or focus term | Electronic books. |
| Source of term | local |
| 700 1# - ADDED ENTRY--PERSONAL NAME | |
| Personal name | Wendel, Helmut. |
| 710 2# - ADDED ENTRY--CORPORATE NAME | |
| Corporate name or jurisdiction name as entry element | ebrary, Inc. |
| 856 40 - ELECTRONIC LOCATION AND ACCESS | |
| Uniform Resource Identifier | <a href="http://site.ebrary.com/lib/rucke/Doc?id=10022150">http://site.ebrary.com/lib/rucke/Doc?id=10022150</a> |
| Public note | An electronic book accessible through the World Wide Web; click to view |
No items available.
